| 000 | 00589nam a22002057a 4500 | ||
|---|---|---|---|
| 003 | 0 | ||
| 005 | 20240925090535.0 | ||
| 008 | 240925b xxu||||| |||| 00| 0 eng d | ||
| 020 | _a9788119920563 | ||
| 050 |
_aPL 5531 _b.P37 2024 |
||
| 100 |
_aParker, Laith, _eauthor. |
||
| 245 |
_aPatterns of contemporary prose / _cLaith Parker. |
||
| 250 | _a1st ed. | ||
| 260 |
_aNew Delhi : _bVenus Books, _c2024. |
||
| 300 |
_aix, 304 p. : _bill. ; _c24 cm. |
||
| 504 | _aIncludes bibliographical references and index. | ||
| 650 | _aContemporary prose. | ||
| 650 | _aHistory. | ||
| 942 |
_2lcc _cBK |
||
| 999 |
_c366387 _d366387 |
||